[Event "Rome Nobile Memorial 3rd"]
[Site "Rome"]
[Date "2010.02.10"]
[Round "5"]
[White "Quimi, Marco"]
[Black "Di Mauro, Sebastiano"]
[Result "1/2-1/2"]
[WhiteElo "2147"]
[BlackElo "1832"]
[PlyCount "59"]
[EventDate "2010.01.14"]
[EventType "swiss"]
[EventRounds "6"]
[EventCountry "ITA"]
[SourceTitle "EXT 2024"]
[Source "ChessBase"]
[SourceDate "2023.10.10"]
[SourceVersion "1"]
[SourceVersionDate "2023.10.10"]
[SourceQuality "1"]

1. e4 e6 2. d4 d5 3. e5 c5 4. c3 Qb6 5. Nf3 Nc6 6. a3 c4 7. Nbd2 f6 8. Be2 fxe5 9. Nxe5 Nxe5 10. dxe5 Bc5 11. 0-0 Ne7 12. b4 cxb3 13. Nxb3 0-0 14. Nxc5 Qxc5 15. Qc2 Ng6 16. Be3 Qc7 17. f4 Bd7 18. Bd3 Rac8 19. Bd4 Nxf4 20. Bxh7+ Kh8 21. Rae1 Qc4 22. Rf2 Bb5 23. Re3 Nh3+ 24. gxh3 Rxf2 25. Kxf2 Rf8+ 26. Kg3 Qf1 27. Bd3 Bxd3 28. Rxd3 Qf4+ 29. Kg2 Qf1+ 30. Kg3 1/2-1/2

[Event "Rome Nobile Memorial 3rd"]
[Site "Rome"]
[Date "2010.01.28"]
[Round "4"]
[White "Di Mauro, Sebastiano"]
[Black "Elia, Alessio"]
[Result "1-0"]
[WhiteElo "1832"]
[BlackElo "1891"]
[PlyCount "73"]
[EventDate "2010.01.14"]
[EventType "swiss"]
[EventRounds "6"]
[EventCountry "ITA"]
[SourceTitle "EXT 2024"]
[Source "ChessBase"]
[SourceDate "2023.10.10"]
[SourceVersion "1"]
[SourceVersionDate "2023.10.10"]
[SourceQuality "1"]

1. e4 d6 2. d4 Nf6 3. Nc3 g6 4. Bg5 Bg7 5. Qd2 c6 6. f3 b5 7. 0-0-0 Qa5 8. Kb1 Nbd7 9. Bd3 a6 10. f4 Nb6 11. e5 Nfd5 12. Nxd5 Qxd2 13. Nc7+ Kd7 14. Rxd2 Kxc7 15. Bxe7 dxe5 16. dxe5 Nd5 17. Bd6+ Kb7 18. g3 Be6 19. Nf3 f6 20. Nd4 Bh3 21. Be4 fxe5 22. fxe5 Bh6 23. Rd3 Bf5 24. Nxf5 gxf5 25. Bxd5 cxd5 26. Rxd5 f4 27. gxf4 Bxf4 28. Rd4 Bh6 29. Rf1 Rhg8 30. a3 Rg2 31. b4 Bg7 32. Rf7+ Kc6 33. Bc7 Rc8 34. Rdd7 Rg1+ 35. Ka2 Rxc7 36. Rxc7+ Kd5 37. Rxg7 1-0

[Event "Rome Accademia op 04"]
[Site "Rome"]
[Date "2008.04.18"]
[Round "1"]
[White "Di Mauro, Sebastiano"]
[Black "Pecorari, Marcello"]
[Result "1/2-1/2"]
[WhiteElo "1808"]
[BlackElo "2075"]
[PlyCount "88"]
[EventDate "2008.04.18"]
[EventType "swiss"]
[EventRounds "5"]
[EventCountry "ITA"]
[SourceTitle "EXT 2011"]
[Source "ChessBase"]
[SourceDate "2010.11.26"]
[SourceVersion "1"]
[SourceVersionDate "2010.11.26"]
[SourceQuality "1"]

1. e4 Nf6 2. Nc3 d5 3. exd5 Nxd5 4. Bc4 c6 5. Qf3 Be6 6. Nge2 Qd6 7. 0-0 Nxc3 8. Qxc3 Bxc4 9. Qxc4 e6 10. d4 Be7 11. Bf4 Qd5 12. Qd3 0-0 13. c4 Qa5 14. Rfd1 Na6 15. a3 Rad8 16. Qg3 Qh5 17. Nc3 Kh8 18. d5 cxd5 19. cxd5 exd5 20. b4 Bf6 21. Rd3 Rfe8 22. h3 h6 23. Rc1 g5 24. Nxd5 gxf4 25. Nxf6 fxg3 26. Rxd8 gxf2+ 27. Kh1 Rxd8 28. Nxh5 Re8 29. Rf1 Re1 30. Ng3 h5 31. h4 f5 32. Kh2 f4 33. Rxf2 fxg3+ 34. Kxg3 Re3+ 35. Kf4 Rxa3 36. Kg5 Kg7 37. Kxh5 Rg3 38. Rd2 Nxb4 39. Rd7+ Kf6 40. Rxb7 Nc6 41. Rc7 Ne5 42. Rxa7 Rxg2 43. Ra6+ Kf5 44. Kh6 Rg6+ 1/2-1/2

[Event "Cutro op-B 13th"]
[Site "Cutro"]
[Date "2007.04.25"]
[Round "3"]
[White "Di Mauro, Sebastiano"]
[Black "Paragliola, Gennaro"]
[Result "1-0"]
[WhiteElo "1813"]
[BlackElo "1451"]
[PlyCount "43"]
[EventDate "2007.04.23"]
[EventType "swiss"]
[EventRounds "9"]
[EventCountry "ITA"]
[SourceTitle "EXT 2008"]
[Source "ChessBase"]
[SourceDate "2007.11.25"]
[SourceVersion "1"]
[SourceVersionDate "2007.11.25"]
[SourceQuality "1"]

1. e4 d6 2. d4 g6 3. Nc3 Bg7 4. Be2 Nf6 5. Nf3 0-0 6. h3 e5 7. 0-0 exd4 8. Nxd4 Re8 9. Bf3 Nbd7 10. g3 Nc5 11. Bg5 Bxh3 12. Re1 Bc8 13. Qd2 Ncd7 14. Rad1 Ne5 15. Bg2 Qd7 16. f3 b6 17. Qf4 Qe7 18. Qh4 Bb7 19. f4 Nc6 20. Nd5 Qd8 21. Bxf6 Bxf6 22. Nxf6+ 1-0

[Event "Cutro op-B 11th"]
[Site "Cutro"]
[Date "2005.04.25"]
[Round "2"]
[White "Di Mauro, Sebastiano"]
[Black "Forlano, Luigi"]
[Result "0-1"]
[WhiteElo "1799"]
[BlackElo "1912"]
[PlyCount "82"]
[EventDate "2005.04.23"]
[EventType "swiss"]
[EventRounds "5"]
[EventCountry "ITA"]
[SourceTitle "CBM 106 Extra"]
[Source "ChessBase"]
[SourceDate "2005.07.01"]
[SourceVersion "1"]
[SourceVersionDate "2005.07.01"]
[SourceQuality "1"]

1. e4 c5 2. Nc3 a6 3. a4 d6 4. g3 g6 5. Bg2 Bg7 6. d3 Nc6 7. Nge2 Bg4 8. h3 Bxe2 9. Nxe2 e6 10. Nc3 Nge7 11. 0-0 0-0 12. Be3 Rb8 13. Qd2 b5 14. axb5 axb5 15. Bh6 b4 16. Bxg7 Kxg7 17. Ne2 Qb6 18. b3 Ra8 19. Kh2 Ra3 20. f4 Rfa8 21. Rac1 e5 22. f5 f6 23. fxg6 hxg6 24. Qe1 Nd4 25. Nxd4 cxd4 26. Qf2 Ng8 27. h4 Qd8 28. Bh3 Qe7 29. Qd2 Rb8 30. Rf2 Ra2 31. Rcf1 Rb7 32. g4 d5 33. g5 Rc7 34. Qd1 dxe4 35. gxf6+ Nxf6 36. Kh1 e3 37. Rg2 Nh5 38. Qe1 Raxc2 39. Rxc2 Rxc2 40. Bg2 Nf4 41. Be4 Rf2 0-1